|
|
|
|
| LEADER |
00000nam a2200000 i 4500 |
| 005 |
20130729164934.0 |
| 007 |
cr|||| |||| |
| 008 |
080527s2007 sp 000 0 spa d |
| 020 |
|
|
|a 9788498491401
|
| 020 |
|
|
|a 978-987-601-016-0
|
| 035 |
|
|
|a 11458
|
| 040 |
|
|
|a BUS
|d vLex
|
| 080 |
|
|
|a 070.489
|
| 090 |
|
|
|c 4464
|d 4464
|
| 245 |
0 |
0 |
|a Aproximacin̤ al periodismo digital
|h [Recurso electrn̤ico] /
|c Antonio Garca̕ Jimňez, Paloma Rupřez Rubio (Editores)
|
| 256 |
|
|
|a Servicio en ln̕ea
|
| 260 |
|
|
|a Madrid :
|b Universidad Rey Juan Carlos,
|c 2007
|
| 300 |
|
|
|a 1 recurso electrn̤ico
|
| 506 |
1 |
|
|a Contenido solo disponible en los productos indicados
|d vLex Global
|d vLex Global (Academic Edition, excluding Law Schools)
|d vLex Global (U.S. Academic Edition, Law Schools)
|d vLex Global (U.S. Academic Edition, excluding Law Schools)
|d vLex Global (Academic Edition, Law Schools)
|
| 650 |
0 |
4 |
|a Prensa electrn̤ica
|
| 650 |
0 |
4 |
|a Internet
|
| 700 |
1 |
|
|a Garca̕ Jimňez, Antonio,
|e ed.
|
| 700 |
1 |
|
|a Rupřez Rubio, Paloma,
|d 1948-
|
| 740 |
0 |
|
|a vLex Libros (Servicio en ln̕ea)
|
| 856 |
4 |
0 |
|u http://vlex.com/source/aproximaciones-periodismo-digital-11458
|z Acceso restringido
|
| 942 |
|
|
|c BOOK
|
| 999 |
0 |
|
|a Computer network
|
| 999 |
0 |
|
|a Newspapers
|